000 00476nam a2200157 4500
001 113548
003 ES-MaACL
005 20230906185933.0
007 t|
008 061121s1908 sp r ||||1| spa d
100 1 _aPalanco Romero, José.
_988464
245 1 0 _aNotas para un estudio de la Junta Suprema Central Gubernativa
_b: tesis doctoral /
_cJosé Palanco Romero.
260 _aMadrid :
_b[s. n.],
_c1908.
502 _aTesis doctoral.
852 _aES-MaACL
_jT-1223-F-7
999 _c113548
_d113548